Directors of Meryl Streep Movies - Statistics

General Stats
  • This quiz has been taken 44 times
  • The average score is 24 of 63
Answer Stats
Year Movie Director % Correct
2017 The Post Steven Spielberg
100%
2001 A.I. Artificial Intelligence Steven Spielberg
100%
2009 Fantastic Mr. Fox Wes Anderson
92%
2019 Little Women Greta Gerwig
89%
2002 Adaptation. Spike Jonze
81%
1979 Manhattan Woody Allen
81%
1995 The Bridges of Madison County Clint Eastwood
78%
1978 The Deer Hunter Michael Cimino
78%
2021 Don't Look Up Adam McKay
75%
1985 Out of Africa Sydney Pollack
75%
1992 Death Becomes Her Robert Zemeckis
67%
2007 Lions for Lambs Robert Redford
64%
1982 Sophie's Choice Alan J. Pakula
56%
2009 Julie & Julia Nora Ephron
53%
2002 The Hours Stephen Daldry
53%
2020 Let Them All Talk Steven Soderbergh
53%
2019 The Laundromat Steven Soderbergh
53%
1982 Still of the Night Robert Benton
50%
1979 Kramer vs. Kramer Robert Benton
50%
1990 Postcards from the Edge Mike Nichols
47%
1986 Heartburn Mike Nichols
47%
1983 Silkwood Mike Nichols
47%
2016 Florence Foster Jenkins Stephen Frears
47%
2009 It's Complicated Nancy Meyers
42%
2014 The Homesman Tommy Lee Jones
39%
2018 Mamma Mia: Here We Go Again! Ol Parker
36%
2006 A Prairie Home Companion Robert Altman
36%
2015 Ricki and the Flash Jonathan Demme
33%
2004 The Manchurian Candidate Jonathan Demme
33%
2018 Mary Poppins Returns Rob Marshall
33%
2014 Into the Woods Rob Marshall
33%
2020 The Prom Ryan Murphy
31%
1999 Music of the Heart Wes Craven
31%
1991 Defending Your Life Albert Brooks
28%
1988 A Cry in the Dark Fred Schepisi
28%
1985 Plenty Fred Schepisi
28%
2011 The Iron Lady Phyllida Lloyd
28%
2008 Mamma Mia! Phyllida Lloyd
28%
2004 A Series of Unfortunate Events Brad Silberling
25%
2012 Hope Springs David Frankel
25%
2006 The Devil Wears Prada David Frankel
25%
1977 Julia Fred Zinnemann
25%
2013 August: Osage County John Wells
22%
1994 The River Wind Curtis Hanson
19%
1996 Marvin's Room Jerry Zaks
19%
1987 Ironweed Héctor Babenco
14%
2006 The Ant Bully John A. Davis
14%
2008 Doubt John Patrick Shanley
14%
2014 The Giver Phillip Noyce
14%
1996 Before and After Barbet Schroeder
11%
2005 Prime Ben Younger
11%
1993 The House of the Spirits Bille August
11%
1998 One True Thing Carl Franklin
11%
2015 The Guardian Brothers Gary Wang
11%
2007 Rendition Gavin Hood
11%
1979 The Seduction of Joe Tynan Jerry Schatzberg
11%
1981 The French Lieutenant's Woman Karel Reisz
11%
2007 Evening Lajos Koltai
11%
1998 Dancing at Lughnasa Pat O'Connor
11%
2015 Suffragette Sarah Gavron
11%
1989 She-Devil Susan Seidelman
11%
1984 Falling in Love Ulu Grosbard
11%
2007 Dark Matter Chen Shi-zheng
8%
No matching quizzes found
Score Distribution
Percent of People with Each Score
Percentile by Number Answered
Your Score History
You have not taken this quiz